00325nam a2200109Ia 4500008004100000082001100041082000800052245008200060245003200142260003200174300000900206231017s9999 xx 000 0 und d a338.47 bCOM 0aCombined Heat and Power: Evaluating the Benefits of Greater Global Investment 0cInternational Energy Agency bInternational Energy Agency c30cm